Statistiques concernant 5 pays avec le plus de liberté de presse par continent (RSF)

Cliquez ici pour prendre le quiz!

Statistiques générales

  • Ce quiz a été pris 99 fois
  • Le résultat moyen est 12 sur 25

Statistiques - réponses

PaysScore% Correct
Canada83,53
90%
Suède88,15
87%
Afrique du Sud78,6
85%
Norvège95,18
84%
Australie78,24
75%
Danemark89,48
75%
Finlande87,94
75%
Nouvelle Zélande84,23
72%
Corée du Sud70,83
70%
Argentine73,36
59%
Irlande89,91
48%
Costa Rica
80,2
39%
Papouasie Nouvelle Guinée67,62
39%
Taïwan75,54
39%
Tonga71,29
39%
Jamaïque75,89
36%
Samoa82,15
36%
Cap Vert75,72
28%
Seychelles75,71
28%
Namibie80,91
25%
Chypre68,62
20%
Arménie70,61
14%
Timor Oriental84,49
14%
Trinité et Tobago76,54
11%
Gambie71,06
6%

Distribution des résultats

Percentile par nombre de réponses

% des personnes avec chaque résultat

Votre développement - résultats

Vous n’avez pas pris ce quiz